Normal view
MARC view
Entry Personal Name
001 - CONTROL NUMBER
- control field: 275
003 - CONTROL NUMBER IDENTIFIER
- control field: OSt
005 - DATE AND TIME OF LATEST TRANSACTION
- control field: 20260219050547.0
008 - FIXED-LENGTH DATA ELEMENTS
- fixed length control field: 260219|| aca||aabn | a|a d
040 ## - CATALOGING SOURCE
- Original cataloging agency: OSt
- Transcribing agency: OSt
100 ## - HEADING--PERSONAL NAME
- Personal name: Vizconde, Angelie Marie L
670 ## - SOURCE DATA FOUND
- Source citation: Work cat.: (OSt)2522: Magpantay, Don M. 272, Operations management in tourism and hospitality industry /, c2023